00785 a2200229 4500020001500000020001800015082001300033090001500046100001400061245009700075260003900172300002100211490006200232700001400294700001500308700001500323700001800338830006200356942002600418999001700444952009400461 a0750309997 a978075030999804a523.8875 c1600d1600 aColpi, M.10aJoint evolution of black holes and galaxies /cM. Colpi, V. Gorini, F. Haardt, U. Moschella. aNew YorkbTaylor & Francis,c2006. a488 p. ;c24 cm.1 aSeries in high energy physics, cosmology and gravitation.1 aColpi, M.1 aGorini, V.1 aHaardt, F.1 aMoschella, U. 0aSeries in high energy physics, cosmology and gravitation. aSNScBKk523.8875 COL c30209d30209 00104070aSNSbSNSd2016-05-26l0o523.8875 COLpSNS0000610r2016-05-26w2016-05-26yBK